000 00709nam a2200217Ia 4500
003 GCL
008 140319s9999 xx 000 0 ara d
040 _aGCL /
_cGCL
082 0 4 _a413
_bع و
100 1 _aعبدالقادر ابوشريفة
245 1 0 _aعلم الدلالة والمعجم العربى /
_cعبدالقادر ابوشريفة
260 _a[S.N] :
_bدار الفكر للدراسات والنشر والتوزيع ،
_c1989
300 _a155 ص
490 _a
650 0 4 _aاللغة العربية
650 0 4 _aالبلاغة العربية
650 0 4 _aالمعاجم
650 0 4 _aالمعانى
650 0 4 _aقواعد الاملاء والهجاء
942 _2ddc
_cBK
999 _c35910
_d35910